Score 0/16 Timer 03:00
0 Plays Today
Canadian Movie Missing Word % Correct
Prom ____Night
78.4%
____ RingersDead
77.7%
____ MnemonicJohnny
67.6%
My ____ ValentineBloody
56.1%
The ____ HereafterSweet
38.8%
____ with BroomsMen
33.2%
32 Short Films about ____ GouldGlenn
20.8%
Bon ____, Bad ____Cop
19.3%
Canadian Movie Missing Word % Correct
The ____ of Duddy KravitzApprenticeship
16.7%
____ NightLast
11.4%
Hard ____ LogoCore
9.9%
The ____ InvasionsBarbarian
9.6%
Love and ____ RemainsHuman
8.3%
The Saddest ____ in the WorldMusic
7.2%
Speaking ____Parts
3.3%
La ____ CentraleRegion
2.1%

Today's Daily Dose

Remove Ads.
Support Sporcle.
Get the best of Sporcle when you Go Orange. This ad-free experience offers more features, more stats, and more fun while also helping to support Sporcle. Thank you for becoming a member.

You're not logged in!

Compare scores with friends on all Sporcle quizzes.
OR
Log In

Show Comments

Extras

Top Quizzes Today


Score Distribution

Your Account Isn't Verified!

In order to create a playlist on Sporcle, you need to verify the email address you used during registration. Go to your Sporcle Settings to finish the process.

Report this User

Report this user for behavior that violates our Community Guidelines.

Details: